Statistics for 宁夏地图 Ningxia Map Quiz

Click here to take the quiz!

General Stats

  • This quiz has been taken 796 times
  • The average score is 4 of 5

Answers on the Map

Answers color-coded by a green-red scale on the quiz's map according to % correct below.
 

Answer Stats

区划% Correct
银川市
100%
石嘴山市
83%
吴忠市
79%
固原市
78%
中卫市
77%

Score Distribution

Percentile by Number Answered

Percent of People with Each Score

Your Score History

You have not taken this quiz